| 000 | 00890nac a22002657a 4500 | ||
|---|---|---|---|
| 001 | BR8700318 | ||
| 003 | BR-BrBNA | ||
| 005 | 20240105120441.0 | ||
| 008 | 230509b bl.|||m| |||| 00| 0 por d | ||
| 040 |
_aBR-BrBNA _bpor _cBiblioteca Nacional de Agricultura |
||
| 072 | _aE40; E12; E70 | ||
| 090 | _aE40 BR8700318 | ||
| 110 | 1 |
_aCentral Regional de Informacoes Agropecuarias e Economicas, Ijui, RS (Brasil) _91403 |
|
| 245 | 1 | _aBoletim CRIAEC [Central Regional de Informacoes Agropecuarias e Economicas, cooperativa, sindicato, bolsa de mercadorias] | |
| 260 | 3 |
_aIjui, RS (Brasil): _c1985. |
|
| 300 | _a37 p. | ||
| 490 |
_aBoletim CRIAEC (Brazil) _vv. 3(37) _x |
||
| 650 | _aCOOPERATIVA | ||
| 650 | _aTRABALHADOR RURAL | ||
| 650 | _aSINDICATO | ||
| 650 | _aBOLSA DE MERCADORIAS | ||
| 650 | _aPRECO | ||
| 909 |
_a202312 _bLúcia Elande _c55 _dLúcia Elande |
||
| 942 |
_2AGRIS _n0 _cMS |
||
| 999 |
_c279501 _d279501 |
||